Statistics for Poland Euro 2012 Squad

Click here to take the quiz!

General Stats

  • This quiz has been taken 1,183 times
  • The average score is 13 of 23

Answer Stats

ClubPositionAnswer% Correct
Borussia DortmundSTRobert Lewandowski
98%
ArsenalGKWojchiech Szczesny
93%
Borussia DortmundMDJakub Blaszczykowski
92%
Borussia DortmundDFLukasz Piszczek
89%
PSVGKPrzemyslaw Tyton
84%
BordeauxMDLudovic Obraniak
72%
AnderlechtDFMarcin Wasilewski
66%
Terek GroznyMDMaciej Rybus
61%
MainzMDEugen Polanski
59%
SivassporSTKamil Grosicki
56%
SochauxDFDamien Perquis
56%
TrabzonsporMDAdrian Mierzejewski
55%
Weder BremenDFSebastian Boenisch
54%
HannoverSTArtur Sobiech
53%
Legia WarszawaDFJakub Wawrzyniak
47%
Lech PoznanMDRafal Murawski
47%
Jagiellonia BiałystokGKGrzegorz Sandomierski
45%
CelticSTPawel Brozek
42%
AuxerreMDDariusz Dudka
38%
Lech PoznanDFMarcin Kaminski
37%
1860 MunichDFGrzegorz Wojtkowiak
33%
Fortuna DusseldorfMDAdam Matuszczyk
27%
Legia WarszawaMDRafal Wolski
26%

Score Distribution

Percentile by Number Answered

Percent of People with Each Score

Your Score History

You have not taken this quiz